|
|
|
|
| LEADER |
00000cam a2200000 i 4500 |
| 001 |
1/713 |
| 008 |
950705s1963 fr | ||| |||| ||fre|| |
| 020 |
|
|
|a 2707305790
|
| 035 |
|
|
|l 10014178
|
| 040 |
|
|
|a GR-MyUa
|b gre
|e AACR2
|
| 041 |
1 |
|
|a fre
|h eng
|
| 082 |
7 |
|
|a 410
|2 (22)
|
| 100 |
1 |
|
|a Jakobson, Roman,
|d 1896-1982.
|
| 245 |
1 |
0 |
|a Essais de linguistique generale :
|b les fondations du langage /
|c Roman Jakobson ; traduit de l'anglais et preface par Nicolas Ruwet.
|
| 260 |
|
|
|a Paris :
|b Minuit,
|c 1963.
|
| 300 |
|
|
|a 260 σ. ;
|c 18 εκ.
|
| 490 |
1 |
|
|a (Double ;
|v 5)
|
| 650 |
0 |
0 |
|a Linguistics.
|
| 700 |
1 |
|
|a Ruwet, Nicolas,
|e trl
|
| 830 |
|
0 |
|a Double ;
|v 5
|
| 852 |
|
|
|a INST
|b LESVOS
|e 19950705
|h 410 JAK
|p 005100007994
|q 005100007994
|t BK
|y 0
|